Význam modelování a předpovídání volatility časových řad pro tvorbu měnové politiky centrální banky /

Hlavní autor: Arlt, Josef, 1962-
Další autoři: Radkovský, Štěpán
Jazyk: Čeština
Vydáno: Praha : Česká národní banka, Sekce měnová, 1999
Edice: VP
Témata:
Fyzický popis: 52 s. : il. ; 21 cm
Knihy
Uloženo v:
LEADER 01329nam a2200361 a 4500
001 000650669
003 CZ BrMZK
005 20210903124003.0
007 ta
008 030203s1999 xr f cze d
015 |a cnb000817049 
020 |a 80-238-5294-9  |q (v knize neuvedeno ; brož.) 
035 |a (OCoLC)44147804 
040 |a ABA001  |b cze  |c BOA001 
080 |a 519.86  |2 MRF 
080 |a 336.74:338.23  |2 MRF 
080 |a (048.8)  |2 MRF 
080 |a 519.246.8  |2 MRF 
100 1 |a Arlt, Josef,  |d 1962-  |7 jo20000079968  |4 aut 
245 1 0 |a Význam modelování a předpovídání volatility časových řad pro tvorbu měnové politiky centrální banky /  |c Josef Arlt, Štěpán Radkovský 
260 |a Praha :  |b Česká národní banka, Sekce měnová,  |c 1999 
300 |a 52 s. :  |b il. ;  |c 21 cm 
490 1 |a VP ;  |v č. 13 
504 |a Obsahuje bibliografii 
650 0 7 |a měnová politika  |7 ph115398  |2 czenas 
650 0 7 |a analýza časových řad  |7 ph135573  |x modelování  |2 czenas 
650 0 7 |a ekonomie  |7 ph114430  |x matematické modelování  |2 czenas 
655 7 |a studie  |7 fd133597  |2 czenas 
700 1 |a Radkovský, Štěpán  |7 jn20001227566  |4 aut 
830 0 |a VP  |0 s 
910 |a BOA001  |b 2-1113.425 
990 |a BK 
996 6 |b 2610180763  |c 2-1113.425  |l MZK  |r Sklad / do 1 hodiny  |n 4  |p p.v.  |w 000650669  |u 000010  |a 1  |e BOA001  |j MZK50  |s P